|
|
|
|
| LEADER |
01129nam a2200265 a 4500 |
| 001 |
GR-Antirio1062 |
| 008 |
141104s1989 nyu g b 001 0 eng d |
| 020 |
|
|
|a 1851663584
|
| 040 |
|
|
|a GrPaTEI
|b gre
|c GR-PaULI
|
| 040 |
|
|
|a GrPaTEI
|b gre
|c GR-PaULI
|
| 082 |
|
0 |
|a 005.1
|2 21
|
| 100 |
1 |
|
|a Smith, David J.
|
| 245 |
1 |
0 |
|a Engineering quality softtware :
|b a review of current practices, standards and guidelines including new methods and development tools /
|c Dvid J. Smith and Keneth B. Wood.
|
| 250 |
|
|
|a 2nd ed.
|
| 260 |
|
|
|a New York :
|b Elsevier,
|c 1989
|
| 300 |
|
|
|a xvii, 283 σ.
|
| 504 |
|
|
|a Περιλαμβάνει βιβλιογραφίες και ευρετήριο.
|
| 650 |
|
0 |
|a Computer sofware
|x Quality control
|
| 650 |
|
0 |
|a Software engineering
|
| 700 |
1 |
|
|a Wood, Kenneth B.
|
| 710 |
0 |
|
|a Elsevier / Newnes
|
| 942 |
|
|
|2 ddc
|
| 952 |
|
|
|0 0
|1 0
|2 ddc
|4 0
|6 005_100000000000000_SMI
|7 0
|9 262872
|a LISK-2
|b LISK-2
|c BSC
|d 2021-01-17
|e 24
|f 0
|g 0.00
|l 0
|o 005.1 SMI
|p 2430000009406
|r 2021-01-17 00:00:00
|t 1
|w 2021-01-17
|y BK15
|x 20141104 0 ΧΑΣΑΝΗ 1
|x GrPaTEI - Antirrio
|
| 971 |
|
|
|a .b25708612
|b 15-04-20
|c 12-09-16
|
| 999 |
|
|
|c 151415
|d 151415
|